000 00588nam a2200193Ia 4500
005 20250508150544.0
008 008 250505s9999 xx 000 0 eng d
037 _aTextual
040 _aFEDL
_beng
_cFEDL
041 _aeng
_2eng
084 _a371.83, GRI
_qFEDL
100 _aGriffiths V L
_9139519
245 0 _aSocieties: In school and out: A guide for beginners in practical democracy
260 _aLondon, UK
_bLongmans, Green and Co.
_c1948
300 _axxiii,136p.
700 _a Abbas M
_9757007
942 _cTEXL
_h371.83, GRI
999 _c1324240
_d1324240